[Event "II Festival Server24 A"]
[Site "Ortisei - Sankt Ulrich in Groeden ITA"]
[Date "2013.06.02"]
[Round "2"]
[White "Burmakin, Vladimir"]
[Black "Cocchi, Andrea"]
[WhiteElo "2575"]
[BlackElo "2304"]
[Result "1-0"]
[PlyCount "93"]
[EventDate "2013.06.01"]

1. d4 g6 2. Nf3 Bg7 3. Bf4 Nf6 4. c3 O-O 5. e3 d6 6. Be2 b6 7. h3 c5 8. O-O Bb7
9. Bh2 Nc6 10. a4 cxd4 11. exd4 Rc8 12. Nbd2 Re8 13. Nc4 Ba6 14. Re1 d5 15.
Nce5 Bxe2 16. Qxe2 Nxe5 17. Nxe5 Ne4 18. Qa6 Bxe5 19. Bxe5 Qd7 20. Re2 Rc6 21.
Qb5 e6 22. Qd3 Nd6 23. Qf3 f5 24. Qf4 Nc4 25. Bf6 Qf7 26. Bg5 Nd6 27. f3 Qg7
28. Qh4 Qf7 29. Rae1 Rc4 30. Bf4 Nc8 31. Bh6 Nd6 32. Qf4 Rc6 33. Qe5 Nc4 34.
Qg3 Qf6 35. h4 Nd6 36. Bg5 Qf7 37. h5 Nc4 38. Bf4 Qf6 39. Kf2 Kf7 40. b3 Na5
41. Be5 f4 42. hxg6+ Qxg6 43. Qxf4+ Ke7 44. c4 Kd7 45. cxd5 exd5 46. Qe3 Qh5
47. Qd3 1-0

[Event "II Festival Server24 A"]
[Site "Ortisei - Sankt Ulrich in Groeden ITA"]
[Date "2013.06.02"]
[Round "2"]
[White "Burrows, Martin P."]
[Black "Oussedik, Elias"]
[WhiteElo "2137"]
[BlackElo "2058"]
[Result "0-1"]
[PlyCount "118"]
[EventDate "2013.06.01"]

1. e4 e6 2. d4 d5 3. Nc3 Nf6 4. Bg5 Be7 5. e5 Nfd7 6. h4 O-O 7. Bd3 c5 8. Qh5
g6 9. Qh6 Nc6 10. Nh3 Re8 11. Bxe7 Rxe7 12. dxc5 Ndxe5 13. O-O-O Qf8 14. Qg5 f6
15. Qg3 Rg7 16. f4 Nxd3+ 17. Qxd3 Qxc5 18. g4 Nb4 19. Qe2 Bd7 20. a3 Na6 21.
Nf2 Nc7 22. g5 f5 23. Nd3 Qa5 24. Ne5 Be8 25. Qe3 Rc8 26. Kb1 b5 27. Qc5 Qa6
28. Rhe1 Na8 29. Qe3 Rgc7 30. Na2 Qb7 31. c3 Nb6 32. Nc1 Na4 33. Ncd3 a5 34.
Nf3 Bf7 35. Nd4 Re8 36. Ne5 Nc5 37. h5 Ne4 38. hxg6 Bxg6 39. Rh1 Rg7 40. Rh2 b4
41. cxb4 axb4 42. axb4 Qxb4 43. Rd3 Qa4 44. Ra3 Qd1+ 45. Ka2 Ree7 46. Ndc6 Re8
47. Qh3 Qc1 48. Qd3 Qxf4 49. Rg2 Nxg5 50. Nxg6 hxg6 51. Rc2 Qe4 52. Qc3 Qc4+
53. Qxc4 dxc4 54. Rxc4 e5 55. b4 e4 56. Nd4 f4 57. b5 e3 58. Rc1 Rd7 59. Ra6
Kf7 0-1

[Event "II Festival Server24 A"]
[Site "Ortisei - Sankt Ulrich in Groeden ITA"]
[Date "2013.06.02"]
[Round "2"]
[White "De Napoli, Giuseppe"]
[Black "Bertagnolli, Alexander"]
[WhiteElo "2053"]
[BlackElo "2329"]
[Result "0-1"]
[PlyCount "108"]
[EventDate "2013.06.01"]

1. d4 e6 2. Bf4 c5 3. e3 Qb6 4. Nc3 Nf6 5. a3 d6 6. Na4 Qa5+ 7. Nc3 Nd5 8. Bg3
Nxc3 9. Qd2 cxd4 10. exd4 b6 11. Qxc3 Qxc3+ 12. bxc3 Bd7 13. Bd3 Nc6 14. Nf3
Rc8 15. O-O-O Na5 16. Kb2 Be7 17. Nd2 d5 18. Ba6 Rd8 19. Bc7 Ra8 20. Rhe1 Ba4
21. Nb3 Kd7 22. Be5 f6 23. Bf4 g5 24. Bg3 h5 25. h3 h4 26. Bh2 Nc4+ 27. Bxc4
dxc4 28. Nd2 Bc6 29. f3 Bd5 30. Nf1 Rhe8 31. Ne3 Bf8 32. Re2 Re7 33. Rde1 Rae8
34. Ng4 Rf7 35. Ne3 Kc6 36. Ka2 b5 37. Kb2 Rb7 38. Ng4 Bg7 39. Ne3 Rb6 40. Nxd5
Kxd5 41. f4 gxf4 42. Re4 Bf8 43. Bxf4 Ra6 44. Bd2 Bxa3+ 45. Kb1 Rb8 46. Rxh4 b4
47. Rh5+ e5 48. cxb4 Bxb4 49. Bxb4 Rxb4+ 50. Kc1 c3 51. Kd1 Ra1+ 52. Ke2 Rxe1+
53. Kxe1 Kxd4 54. Rh7 Ke3 0-1

[Event "II Festival Server24 A"]
[Site "Ortisei - Sankt Ulrich in Groeden ITA"]
[Date "2013.06.02"]
[Round "2"]
[White "Fierro Baquero, Martha Lorena"]
[Black "Volkov, Sergey"]
[WhiteElo "2364"]
[BlackElo "2613"]
[Result "0-1"]
[PlyCount "90"]
[EventDate "2013.06.01"]

1. c4 e5 2. g3 c6 3. d4 Bb4+ 4. Bd2 Bxd2+ 5. Qxd2 d6 6. Bg2 Nf6 7. e3 Be6 8.
dxe5 dxe5 9. Qxd8+ Kxd8 10. Nf3 Nbd7 11. b3 h6 12. Nc3 Ke7 13. O-O Rhd8 14. h3
a5 15. Rac1 Bf5 16. Rfd1 Bh7 17. Rd2 e4 18. Nd4 Nc5 19. Rcd1 h5 20. a3 Bg6 21.
b4 axb4 22. axb4 Ne6 23. Nxe6 Rxd2 24. Rxd2 Kxe6 25. Ne2 Ke7 26. b5 Bf5 27.
bxc6 bxc6 28. Rb2 Kd6 29. Nd4 Bd7 30. Nb3 Rb8 31. Rd2+ Ke5 32. Nc5 Rb1+ 33. Kh2
Bf5 34. Rd4 g5 35. f4+ exf3 36. Bxf3 g4 37. hxg4 Nxg4+ 38. Bxg4 hxg4 39. Rf4
Re1 40. e4 Bxe4 41. Nxe4 Rxe4 42. Rxf7 Kd4 43. Kg2 Kxc4 44. Kf2 c5 45. Ra7 Kb3
0-1

[Event "II Festival Server24 A"]
[Site "Ortisei - Sankt Ulrich in Groeden ITA"]
[Date "2013.06.02"]
[Round "2"]
[White "Herbold, Manfred"]
[Black "Popilski, Gil"]
[WhiteElo "2091"]
[BlackElo "2515"]
[Result "1-0"]
[PlyCount "61"]
[EventDate "2013.06.01"]

1. e4 c5 2. d4 cxd4 3. c3 dxc3 4. Nxc3 Nc6 5. Nf3 e6 6. Bc4 a6 7. O-O Nge7 8.
Bg5 f6 9. Be3 Ng6 10. Bb3 b5 11. Nd5 exd5 12. exd5 Nce5 13. d6 Bb7 14. Nxe5
Nxe5 15. Re1 Bxd6 16. Qxd6 Qe7 17. Qb6 d6 18. f4 Nd3 19. Bd2 Nxe1 20. Rxe1 Be4
21. f5 Qe5 22. Bb4 Rd8 23. Be6 g6 24. Bc3 Qc5+ 25. Qxc5 dxc5 26. Bxf6 gxf5 27.
Bxh8 Kf8 28. Be5 Rd2 29. Bxf5 Bxf5 30. Rf1 Ke7 31. Rxf5 1-0

[Event "II Festival Server24 A"]
[Site "Ortisei - Sankt Ulrich in Groeden ITA"]
[Date "2013.06.02"]
[Round "2"]
[White "Khenkin, Igor"]
[Black "Saravanan, Venkatachalam"]
[WhiteElo "2601"]
[BlackElo "2371"]
[Result "1-0"]
[PlyCount "87"]
[EventDate "2013.06.01"]

1. d4 Nf6 2. c4 g6 3. Nc3 Bg7 4. e4 d6 5. f3 O-O 6. Be3 e5 7. d5 c6 8. Bd3 b5
9. a3 bxc4 10. Bxc4 Nfd7 11. dxc6 Nxc6 12. Bd5 Bb7 13. Bxc6 Bxc6 14. Qxd6 Qc8
15. Nge2 Rd8 16. Rd1 Bf8 17. Qd2 Nb6 18. Qxd8 Qxd8 19. Rxd8 Rxd8 20. Bxb6 axb6
21. Nd5 Bxd5 22. exd5 Rxd5 23. Nc3 Rd8 24. Ke2 f5 25. Rd1 Rxd1 26. Kxd1 Bc5 27.
b4 Bg1 28. a4 Kf7 29. h3 Ke6 30. Kd2 h5 31. Kd3 Kd6 32. Kc4 g5 33. a5 bxa5 34.
bxa5 e4 35. fxe4 f4 36. Ne2 Ba7 37. Nd4 g4 38. hxg4 hxg4 39. Nb5+ Kd7 40. Kd3
Bc5 41. a6 Kc6 42. a7 Kb7 43. e5 f3 44. g3 1-0

[Event "II Festival Server24 A"]
[Site "Ortisei - Sankt Ulrich in Groeden ITA"]
[Date "2013.06.02"]
[Round "2"]
[White "Kveinys, Aloyzas"]
[Black "Spornberger, Maximilian"]
[WhiteElo "2479"]
[BlackElo "2257"]
[Result "0-1"]
[PlyCount "94"]
[EventDate "2013.06.01"]

1. Nf3 g6 2. c4 Bg7 3. g3 d6 4. Bg2 e5 5. Nc3 Nc6 6. d3 f5 7. O-O Nf6 8. Rb1 h6
9. b4 O-O 10. b5 Ne7 11. Ne1 g5 12. Nc2 f4 13. Nb4 h5 14. e3 Ng6 15. Ne4 Bg4
16. f3 Nxe4 17. fxg4 Nc3 18. Qc2 Nxb1 19. gxh5 Ne7 20. Qxb1 Rb8 21. g4 a5 22.
Nd5 c6 23. Nc3 Qb6 24. Na4 Qd8 25. Qb3 Kh8 26. Nc3 Ng8 27. Qd1 Nf6 28. bxc6
bxc6 29. Bxc6 Qb6 30. Be4 fxe3 31. Kg2 Qd4 32. Ne2 Qa1 33. Bf5 Qxa2 34. Bxe3
Rb2 35. Rf2 Bh6 36. Nc3 Rxf2+ 37. Bxf2 Qb2 38. Ne4 Nxh5 39. gxh5 Rxf5 40. Qg4
Rf4 41. Qe6 Bf8 42. Qd5 a4 43. c5 dxc5 44. d4 Qc2 45. Qxe5+ Bg7 46. Qe8+ Rf8
47. Qe6 Qe2 0-1

[Event "II Festival Server24 A"]
[Site "Ortisei - Sankt Ulrich in Groeden ITA"]
[Date "2013.06.02"]
[Round "2"]
[White "Levin, Felix"]
[Black "De Santis, Alessio"]
[WhiteElo "2497"]
[BlackElo "2276"]
[Result "1/2-1/2"]
[PlyCount "47"]
[EventDate "2013.06.01"]

1. d4 d6 2. Nf3 Bg4 3. c4 Nd7 4. Nc3 g6 5. e3 Bg7 6. Be2 Ngf6 7. h3 Bxf3 8.
Bxf3 c6 9. O-O O-O 10. b4 Qc7 11. Bb2 Rfe8 12. Qc2 Rac8 13. Rac1 e6 14. Qb3 Qb8
15. a4 d5 16. Be2 Nb6 17. c5 Nbd7 18. f4 Bf8 19. b5 b6 20. cxb6 Qxb6 21. Qa2
cxb5 22. axb5 Qb8 23. Bd3 Nb6 24. Na4 1/2-1/2

[Event "II Festival Server24 A"]
[Site "Ortisei - Sankt Ulrich in Groeden ITA"]
[Date "2013.06.02"]
[Round "2"]
[White "Neubauer, Kai"]
[Black "Codenotti, Marco"]
[WhiteElo "2013"]
[BlackElo "2390"]
[Result "0-1"]
[PlyCount "102"]
[EventDate "2013.06.01"]

1. d4 Nf6 2. Nf3 g6 3. Bg5 Bg7 4. Nbd2 d5 5. e3 O-O 6. Be2 c5 7. c3 Nbd7 8. O-O
b6 9. b4 Bb7 10. a4 Ne4 11. Nxe4 dxe4 12. Nd2 h6 13. Bh4 g5 14. Bg3 cxb4 15.
cxb4 e5 16. Nb3 f5 17. f4 exf4 18. exf4 g4 19. Bc4+ Kh7 20. Rc1 Nf6 21. Bh4 Qd6
22. Bxf6 Bxf6 23. Qd2 Rad8 24. d5 Kg6 25. Rfd1 Rfe8 26. Bb5 Re7 27. g3 Qxd5 28.
Qe2 Qg8 29. Bc6 Rxd1+ 30. Qxd1 Qe6 31. b5 e3 32. Nd4 Bxd4 33. Qxd4 e2 34. Re1
Bxc6 35. bxc6 Qxc6 36. Qd3 Qe4 37. Qb5 h5 38. Kf2 Qe3+ 39. Kg2 Qe4+ 40. Kf2 h4
41. Rxe2 Qxe2+ 42. Qxe2 Rxe2+ 43. Kxe2 hxg3 44. hxg3 Kf6 45. Kd3 Ke6 46. Kc4
Kd6 47. Kb5 Kc7 48. Ka6 Kb8 49. a5 Kc7 50. Kb5 bxa5 51. Kxa5 Kc6 0-1

[Event "II Festival Server24 A"]
[Site "Ortisei - Sankt Ulrich in Groeden ITA"]
[Date "2013.06.02"]
[Round "2"]
[White "Nisipeanu, Liviu-Dieter"]
[Black "Szczepkowska-Horowska, Karina"]
[WhiteElo "2667"]
[BlackElo "2375"]
[Result "1-0"]
[PlyCount "79"]
[EventDate "2013.06.01"]

1. e4 c5 2. Nf3 Nc6 3. d4 cxd4 4. Nxd4 Nf6 5. Nc3 e5 6. Ndb5 d6 7. Bg5 a6 8.
Na3 b5 9. Nd5 Be7 10. Bxf6 Bxf6 11. c3 Bg5 12. Nc2 Ne7 13. h4 Bh6 14. a4 bxa4
15. Ncb4 O-O 16. Rxa4 a5 17. Bc4 Bb7 18. Nxe7+ Qxe7 19. Nd5 Qd8 20. g3 Kh8 21.
O-O f5 22. exf5 Rxf5 23. Bd3 Rf8 24. Be4 Bc6 25. Ra3 Bb5 26. Re1 Ra7 27. b3
Raf7 28. Ra2 a4 29. c4 axb3 30. Qxb3 Bc6 31. Qb6 Qd7 32. Nc3 Bxe4 33. Nxe4 d5
34. Nc5 Qg4 35. Qe6 Qf3 36. Qxd5 Qc3 37. Qxf7 Qxe1+ 38. Kg2 g6 39. Qd5 Bg7 40.
Ne6 1-0

[Event "II Festival Server24 A"]
[Site "Ortisei - Sankt Ulrich in Groeden ITA"]
[Date "2013.06.02"]
[Round "2"]
[White "Schaefer, Michael"]
[Black "Solomon, Kenny"]
[WhiteElo "2176"]
[BlackElo "2414"]
[Result "0-1"]
[PlyCount "68"]
[EventDate "2013.06.01"]

1. d4 Nf6 2. c4 e6 3. Nc3 Bb4 4. g3 c5 5. Nf3 b6 6. Bg2 Bb7 7. dxc5 Ne4 8. Bd2
Nxd2 9. Qxd2 bxc5 10. O-O O-O 11. Rfd1 Qe7 12. Qe3 Bxc3 13. Qxc3 Nc6 14. Rd2 d6
15. Rad1 Rfd8 16. Qe3 Rd7 17. Qg5 Qf8 18. Qf4 Rad8 19. Ng5 h6 20. Ne4 d5 21.
cxd5 exd5 22. Bh3 Re7 23. Nxc5 Ba8 24. Bg2 Re5 25. Nb3 g5 26. Qa4 Qe8 27. e3 d4
28. Nxd4 Rxe3 29. Bxc6 Re1+ 30. Kg2 Rxd4 31. Qxd4 Qxc6+ 32. Kh3 Qg2+ 33. Kg4
Qf3+ 34. Kh3 Qh5+ 0-1

[Event "II Festival Server24 A"]
[Site "Ortisei - Sankt Ulrich in Groeden ITA"]
[Date "2013.06.02"]
[Round "2"]
[White "Sundararajan, Kidambi"]
[Black "Paltrinieri, Nicholas"]
[WhiteElo "2428"]
[BlackElo "2174"]
[Result "1-0"]
[PlyCount "87"]
[EventDate "2013.06.01"]

1. d4 e6 2. c4 f5 3. g3 Nf6 4. Bg2 d5 5. Nh3 c6 6. O-O Be7 7. Nd2 O-O 8. Qc2 b5
9. cxb5 cxb5 10. Nf4 Qb6 11. Nb3 Nc6 12. Be3 Nb4 13. Qd1 a5 14. a3 Na6 15. Rc1
Ra7 16. Nd3 Bd7 17. Nbc5 Rc7 18. Bf4 Rcc8 19. b4 Qa7 20. Qb3 a4 21. Qa2 Ne4 22.
Ne5 Naxc5 23. dxc5 Bc6 24. Rfd1 Qb7 25. f3 Nf6 26. e4 Rfd8 27. exf5 exf5 28.
Bg5 Re8 29. f4 Kh8 30. Bxf6 Bxf6 31. Nxc6 Qxc6 32. Bxd5 Qc7 33. Qc2 Qe7 34.
Qxf5 Qe3+ 35. Kh1 Bb2 36. Rb1 Qf2 37. Rf1 Qd2 38. Rbd1 Qc3 39. Rd3 Qc2 40. Rfd1
g6 41. Qg4 Qf2 42. Be6 Rc7 43. f5 gxf5 44. Qxf5 1-0

[Event "II Festival Server24 A"]
[Site "Ortisei - Sankt Ulrich in Groeden ITA"]
[Date "2013.06.02"]
[Round "2"]
[White "Vezzosi, Paolo"]
[Black "Warakomski, Tomasz"]
[WhiteElo "2274"]
[BlackElo "2488"]
[Result "0-1"]
[PlyCount "80"]
[EventDate "2013.06.01"]

1. d4 Nf6 2. Nf3 e6 3. Bf4 c5 4. e3 Be7 5. h3 O-O 6. c3 b6 7. Nbd2 Bb7 8. Bd3
cxd4 9. exd4 d6 10. O-O Nbd7 11. Qe2 Re8 12. Rfe1 Qc7 13. Ba6 Bc6 14. a4 Nd5
15. Bh2 N7f6 16. Nc4 Qd7 17. Nfe5 dxe5 18. Nxe5 Qc7 19. Nxf7 Nf4 20. Bxf4 Qxf4
21. Qxe6 Bd5 22. Qe5 Qxe5 23. Nxe5 Bd6 24. Bb5 Rec8 25. Nd7 Nh5 26. g3 Rc7 27.
Re3 Rd8 28. Ne5 Nf6 29. Rae1 Kf8 30. f4 Bb7 31. Nc4 Be7 32. a5 Rd5 33. axb6
axb6 34. Re5 Rxb5 35. Rxb5 Rxc4 36. Rxb6 Rc7 37. Ra1 Bc8 38. Ra8 Kf7 39. g4 Nd5
40. Rbb8 Bd7 0-1

[Event "II Festival Server24 A"]
[Site "Ortisei - Sankt Ulrich in Groeden ITA"]
[Date "2013.06.02"]
[Round "2"]
[White "Zucchelli, Massimo"]
[Black "Roesch, Mario"]
[WhiteElo "2186"]
[BlackElo "2045"]
[Result "0-1"]
[PlyCount "100"]
[EventDate "2013.06.01"]

1. d4 Nf6 2. c4 g6 3. Nc3 Bg7 4. e4 d6 5. Be2 O-O 6. Bg5 Na6 7. Qd2 e5 8. d5
Qe8 9. Bd3 Nb4 10. Bb1 a5 11. a3 Na6 12. Bc2 Nc5 13. f3 Nh5 14. Nge2 f5 15. O-O
f4 16. Nb5 Qf7 17. Bh4 b6 18. b4 Nb7 19. Bf2 g5 20. h3 Nf6 21. c5 bxc5 22. bxc5
Nxc5 23. Bxc5 dxc5 24. Qc3 h5 25. Bb3 a4 26. Ba2 Kh7 27. d6 Qg6 28. Nxc7 g4 29.
hxg4 hxg4 30. Nxa8 gxf3 31. Rxf3 Nxe4 32. Rh3+ Bh6 33. Rxh6+ Kxh6 34. Qxe5 f3
35. Qh2+ Kg7 36. Qe5+ Kh6 37. Qh2+ Kg7 38. Qe5+ Rf6 39. Nf4 f2+ 40. Kh1 Qh6+
41. Nh5+ Qxh5+ 42. Qxh5 Ng3+ 43. Kh2 Nxh5 44. Bc4 Rf4 45. g4 Bxg4 46. Bd5 f1=Q
47. Rxf1 Rxf1 48. Nc7 Rf2+ 49. Kg1 Rd2 50. Bc6 Nf6 0-1

[Event "II Festival Server24 A"]
[Site "Ortisei - Sankt Ulrich in Groeden ITA"]
[Date "2013.06.03"]
[Round "3"]
[White "Astengo, Marcello"]
[Black "Boscolo, Federico"]
[WhiteElo "2093"]
[BlackElo "2314"]
[Result "0-1"]
[PlyCount "82"]
[EventDate "2013.06.01"]

1. d4 Nf6 2. c4 g6 3. Nc3 Bg7 4. e4 d6 5. f3 O-O 6. Be3 Nc6 7. Nge2 a6 8. Qd2
Bd7 9. Rd1 Re8 10. d5 Ne5 11. Nd4 c5 12. dxc6 bxc6 13. Be2 c5 14. Nc2 Qa5 15.
O-O Rab8 16. Rb1 Be6 17. Na3 Nc6 18. Nd5 Qxd2 19. Bxd2 Nd4 20. Bd1 Nxd5 21.
cxd5 Bd7 22. Re1 Rb7 23. b3 Bb5 24. g3 Ra8 25. Ba5 f5 26. exf5 Nxf5 27. Kg2 Bd4
28. Nc2 Bd3 29. Rc1 Bb2 30. Rb1 Bd4 31. Rc1 Bb2 32. Rb1 Bf6 33. Rc1 c4 34. Nb4
Rb5 35. Nc6 Bb2 36. Rxc4 Bxc4 37. bxc4 Rxa5 38. Bb3 Rc5 39. Rxe7 Ng7 40. a4 a5
41. g4 Re8 0-1

[Event "II Festival Server24 A"]
[Site "Ortisei - Sankt Ulrich in Groeden ITA"]
[Date "2013.06.03"]
[Round "3"]
[White "Bernardi, Ruben"]
[Black "Krulich, Roman"]
[WhiteElo "2079"]
[BlackElo "2229"]
[Result "0-1"]
[PlyCount "92"]
[EventDate "2013.06.01"]

1. e4 c5 2. Nf3 d6 3. Bb5+ Nd7 4. d4 Ngf6 5. Nc3 cxd4 6. Qxd4 e5 7. Qd3 h6 8.
O-O Be7 9. Be3 O-O 10. Rfd1 Qc7 11. Rac1 a6 12. Bc4 b5 13. Bd5 Bb7 14. Bxb7
Qxb7 15. a3 Rfd8 16. Nh4 Nc5 17. Bxc5 dxc5 18. Qf3 b4 19. Na4 Qc6 20. Nf5 Bf8
21. b3 bxa3 22. Nc3 c4 23. Nd5 Nxd5 24. exd5 Qc5 25. Qg4 g6 26. Ne3 c3 27. Qf3
Bg7 28. Nc4 f5 29. Ra1 e4 30. Qg3 Kh7 31. Rxa3 Rxd5 32. Raa1 Rad8 33. Rxd5 Qxd5
34. h3 Rg8 35. Rxa6 Qd1+ 36. Kh2 Bd4 37. Ne3 Qd2 38. Rd6 Rg7 39. Nd5 Qxc2 40.
Rd8 Qxb3 41. Qd6 Qb2 42. Ne3 Bxe3 43. fxe3 c2 44. Qf8 Qe5+ 45. g3 g5 46. Rc8
c1=Q 0-1

[Event "II Festival Server24 A"]
[Site "Ortisei - Sankt Ulrich in Groeden ITA"]
[Date "2013.06.03"]
[Round "3"]
[White "Bertagnolli, Alexander"]
[Black "Gutierrez, Leonela"]
[WhiteElo "2329"]
[BlackElo "2090"]
[Result "1-0"]
[PlyCount "49"]
[EventDate "2013.06.01"]

1. e4 c5 2. c3 d5 3. exd5 Qxd5 4. d4 e5 5. Nf3 cxd4 6. cxd4 Bb4+ 7. Nc3 Nc6 8.
Be2 e4 9. O-O Bxc3 10. bxc3 exf3 11. Bxf3 Qd6 12. Re1+ Nge7 13. Qb3 O-O 14. Ba3
Qd8 15. Bxc6 Nxc6 16. Bxf8 Qxf8 17. d5 Ne7 18. Re5 Ng6 19. Re3 b6 20. Qa4 Bb7
21. Rae1 Qd6 22. c4 Qf4 23. Qd7 Ba6 24. Re8+ Rxe8 25. Rxe8+ 1-0

[Event "II Festival Server24 A"]
[Site "Ortisei - Sankt Ulrich in Groeden ITA"]
[Date "2013.06.03"]
[Round "3"]
[White "Cocchi, Andrea"]
[Black "Spornberger, Andre"]
[WhiteElo "2304"]
[BlackElo "2073"]
[Result "1/2-1/2"]
[PlyCount "127"]
[EventDate "2013.06.01"]

1. e4 e6 2. Qe2 c5 3. Nf3 Nc6 4. g3 Be7 5. Bg2 d5 6. d3 Nf6 7. O-O O-O 8. Re1
Nd4 9. Nxd4 cxd4 10. e5 Nd7 11. Nd2 b5 12. Nb3 Qb6 13. Qg4 Kh8 14. Qxd4 Qc7 15.
c4 bxc4 16. dxc4 Nb6 17. cxd5 Nxd5 18. Bd2 Rb8 19. Rac1 Qd7 20. Nc5 Qb5 21. Nb3
Qd7 22. Red1 f6 23. Na5 fxe5 24. Qxe5 Rb5 25. Be1 Bf6 26. Qe2 Rxb2 27. Rc2 Ba6
28. Qe4 Rxc2 29. Qxc2 Rb8 30. Qc6 Qxc6 31. Nxc6 Rc8 32. Nxa7 Rc2 33. a4 Rc4 34.
Bh3 Rxa4 35. Bxe6 Be2 36. Rc1 g6 37. Bd2 Ne7 38. Nc8 Ra6 39. Bb3 Ra3 40. Be6
Ra6 41. Bh3 Nxc8 42. Rxc8+ Kg7 43. Rc7+ Kg8 44. Kg2 Bd3 45. Bc8 Rc6 46. Rxc6
Be4+ 47. f3 Bxc6 48. Be6+ Kg7 49. Bf4 Bd4 50. g4 Bc3 51. Bc4 Bd4 52. Bd3 Bd5
53. Bc7 g5 54. Bd8 h6 55. Be4 Bc4 56. Bc7 Be2 57. Bd6 Kf7 58. Kg3 Kg7 59. f4
gxf4+ 60. Kxf4 Bc4 61. Bc6 Bf7 62. Bd7 Bf6 63. Kg3 Bc3 64. Kf4 1/2-1/2

[Event "II Festival Server24 A"]
[Site "Ortisei - Sankt Ulrich in Groeden ITA"]
[Date "2013.06.03"]
[Round "3"]
[White "Codenotti, Marco"]
[Black "Burmakin, Vladimir"]
[WhiteElo "2390"]
[BlackElo "2575"]
[Result "1/2-1/2"]
[PlyCount "41"]
[EventDate "2013.06.01"]

1. e4 c6 2. d4 d5 3. Nd2 g6 4. Ngf3 Bg7 5. Bd3 dxe4 6. Nxe4 Nf6 7. Nxf6+ exf6
8. O-O Be6 9. c4 O-O 10. Be3 Na6 11. Qd2 Qd7 12. Rad1 Rfd8 13. Rfe1 Nc7 14. b3
Ne8 15. Be2 Bf8 16. Qb2 Bb4 17. Bd2 Bxd2 18. Rxd2 Qe7 19. Bf1 Nc7 20. h3 Qf8
21. Qc3 1/2-1/2

[Event "II Festival Server24 A"]
[Site "Ortisei - Sankt Ulrich in Groeden ITA"]
[Date "2013.06.03"]
[Round "3"]
[White "Collutiis, Duilio"]
[Black "Herzog, Adolf"]
[WhiteElo "2465"]
[BlackElo "2401"]
[Result "1/2-1/2"]
[PlyCount "152"]
[EventDate "2013.06.01"]

1. e4 e6 2. d4 d5 3. Nd2 Nf6 4. e5 Nfd7 5. c3 c5 6. f4 Nc6 7. Ndf3 Qb6 8. a3 a5
9. b3 cxd4 10. cxd4 f6 11. Bd3 Be7 12. Ne2 f5 13. h4 h5 14. Be3 g6 15. Kf2 Kf7
16. Qd2 Qd8 17. Nc3 Kg7 18. g3 Nb6 19. Rhc1 Bd7 20. Ng5 Bxg5 21. fxg5 Rf8 22.
a4 Nb4 23. Ne2 Nxd3+ 24. Qxd3 Bc6 25. Nf4 Qe7 26. Rc3 Rfc8 27. Bc1 Qe8 28. Ba3
Nd7 29. Bd6 Nb8 30. Rac1 Nd7 31. Qb1 Qf7 32. Qb2 Nb8 33. Qa3 Re8 34. Bxb8 Raxb8
35. Qc5 Ra8 36. Qb6 Kh7 37. Kg2 Rec8 38. Qc5 Rd8 39. Rf1 Kg8 40. Rc2 Qe8 41.
Rh1 Rd7 42. Rf2 Rg7 43. Qd6 Bd7 44. Rc1 Ra6 45. Qa3 Qb8 46. Rfc2 Rc6 47. Rxc6
bxc6 48. Nd3 Kh7 49. Rc3 Rf7 50. b4 f4 51. Nxf4 axb4 52. Qb2 Qf8 53. Rf3 Rf5
54. Qc2 c5 55. Qxc5 Qxc5 56. dxc5 Bxa4 57. Nd3 Rxf3 58. Kxf3 b3 59. Ke3 Kg7 60.
Kd4 Bb5 61. Kc3 Bxd3 62. Kxd3 Kf7 63. Kc3 Ke7 64. Kxb3 Kd7 65. Kc3 Kc7 66. Kd2
Kc6 67. g4 hxg4 68. h5 g3 69. Ke1 d4 70. hxg6 g2 71. Kf2 d3 72. g7 d2 73. g8=Q
g1=Q+ 74. Kxg1 d1=Q+ 75. Kf2 Qd2+ 76. Kg3 Qe1+ 1/2-1/2

[Event "II Festival Server24 A"]
[Site "Ortisei - Sankt Ulrich in Groeden ITA"]
[Date "2013.06.03"]
[Round "3"]
[White "De Santis, Alessio"]
[Black "Herbold, Manfred"]
[WhiteElo "2276"]
[BlackElo "2091"]
[Result "0-1"]
[PlyCount "66"]
[EventDate "2013.06.01"]

1. d4 Nf6 2. c4 e6 3. Nc3 Bb4 4. e3 b6 5. Nge2 Ba6 6. a3 Bxc3+ 7. Nxc3 d5 8.
Qf3 c6 9. b3 O-O 10. Bb2 Bb7 11. Be2 Nbd7 12. O-O Rb8 13. Rfd1 Ne8 14. e4 dxe4
15. Nxe4 Ndf6 16. Nc3 Nc7 17. Qg3 Qe7 18. Bf3 Rfd8 19. Re1 Qd6 20. Re5 Nce8 21.
Rd1 Qf8 22. Ne4 Nxe4 23. Bxe4 Nf6 24. Bc2 g6 25. Qh4 Ne8 26. Re3 Rd7 27. d5
cxd5 28. Rh3 f5 29. g4 Rbd8 30. gxf5 exf5 31. Re3 d4 32. Re6 Ng7 33. Ree1 Qc5
0-1

[Event "II Festival Server24 A"]
[Site "Ortisei - Sankt Ulrich in Groeden ITA"]
[Date "2013.06.03"]
[Round "3"]
[White "Gruettner, Ralf"]
[Black "Vezzosi, Paolo"]
[WhiteElo "2090"]
[BlackElo "2274"]
[Result "0-1"]
[PlyCount "128"]
[EventDate "2013.06.01"]

1. e4 c5 2. f4 Nc6 3. Nc3 g6 4. Nf3 Bg7 5. Bc4 e6 6. O-O Nge7 7. d3 O-O 8. e5
d5 9. exd6 Nf5 10. Bb3 b6 11. Ba4 Bb7 12. Bxc6 Bxc6 13. Ne5 Bb7 14. Ne4 Nxd6
15. Nxd6 Qxd6 16. Qe2 Qd4+ 17. Kh1 Rad8 18. Rb1 Qd5 19. b3 f6 20. Nc4 Rfe8 21.
Bb2 Qh5 22. Qxh5 gxh5 23. a4 Kf7 24. h4 Rg8 25. Kh2 Bf8 26. g3 Be7 27. Rbe1 Ba6
28. Re3 Rge8 29. Bc3 Rd5 30. Rfe1 Bd8 31. R3e2 Bc7 32. Ne3 Rdd8 33. Nc4 Bb7 34.
Nd2 Rd5 35. Ne4 Bd8 36. Re3 h6 37. R1e2 Bc8 38. Re1 Rg8 39. R1e2 Rg6 40. Re1
Bc7 41. R1e2 Rf5 42. Re1 Bb8 43. R1e2 Rd5 44. Re1 Rd8 45. R1e2 Rdg8 46. f5 exf5
47. Ng5+ hxg5 48. Re7+ Kf8 49. Re8+ Kg7 50. Rxg8+ Kxg8 51. Re8+ Kf7 52. Rxc8
Bd6 53. hxg5 fxg5 54. Ra8 h4 55. Rxa7+ Ke6 56. Kg2 hxg3 57. Rg7 Rxg7 58. Bxg7
f4 59. c3 Kf5 60. d4 Ke4 61. dxc5 Bxc5 62. b4 Bf2 63. a5 f3+ 64. Kf1 Be3 0-1

[Event "II Festival Server24 A"]
[Site "Ortisei - Sankt Ulrich in Groeden ITA"]
[Date "2013.06.03"]
[Round "3"]
[White "Hambleton, Aman"]
[Black "Nisipeanu, Liviu-Dieter"]
[WhiteElo "2461"]
[BlackElo "2667"]
[Result "0-1"]
[PlyCount "48"]
[EventDate "2013.06.01"]

1. d4 Nf6 2. c4 e6 3. Nc3 Bb4 4. Qc2 O-O 5. a3 Bxc3+ 6. Qxc3 d6 7. f3 Nh5 8. g4
Qh4+ 9. Kd1 Nf6 10. Nh3 h6 11. g5 e5 12. gxf6 Bxh3 13. fxg7 Re8 14. Bxh3 Qxh3
15. Qe3 Re6 16. d5 Rg6 17. Qb3 Nd7 18. Qxb7 Re8 19. Qxa7 Nc5 20. Be3 e4 21.
Bxc5 dxc5 22. Qa4 Rb8 23. Kc2 exf3 24. Kb1 Rg2 0-1

[Event "II Festival Server24 A"]
[Site "Ortisei - Sankt Ulrich in Groeden ITA"]
[Date "2013.06.03"]
[Round "3"]
[White "Meertens, Martin"]
[Black "Kveinys, Aloyzas"]
[WhiteElo "2165"]
[BlackElo "2479"]
[Result "0-1"]
[PlyCount "60"]
[EventDate "2013.06.01"]

1. e4 c5 2. Nf3 e6 3. d4 cxd4 4. Nxd4 a6 5. Nc3 Qc7 6. Bd3 Nf6 7. O-O d6 8. a4
b6 9. f4 Bb7 10. Be3 Nbd7 11. Qe2 Be7 12. Rae1 O-O 13. Bf2 Nc5 14. g4 g6 15.
Nb3 d5 16. Nxc5 bxc5 17. exd5 Qxf4 18. dxe6 Nxg4 19. Be3 Qxe3+ 20. Qxe3 Nxe3
21. exf7+ Rxf7 22. Rxf7 Kxf7 23. Rxe3 Bf6 24. Kf1 Kg7 25. Re6 Rf8 26. Ke2 Bc8
27. Rb6 Bg4+ 28. Ke3 Bg5+ 29. Ke4 Bf3+ 30. Ke5 Bf4+ 0-1

[Event "II Festival Server24 A"]
[Site "Ortisei - Sankt Ulrich in Groeden ITA"]
[Date "2013.06.03"]
[Round "3"]
[White "Oussedik, Elias"]
[Black "Levin, Felix"]
[WhiteElo "2058"]
[BlackElo "2497"]
[Result "0-1"]
[PlyCount "84"]
[EventDate "2013.06.01"]

1. d4 Nf6 2. c4 e6 3. Nf3 d5 4. e3 a6 5. Nbd2 c5 6. cxd5 exd5 7. b3 Nc6 8. Bb2
Bd6 9. dxc5 Bxc5 10. Be2 O-O 11. O-O Bf5 12. Rc1 Bd6 13. a3 Qe7 14. b4 a5 15.
b5 Nb8 16. a4 Nbd7 17. Nb3 Be4 18. Bc3 Ba3 19. Ra1 Rfc8 20. Qd2 Nb6 21. Bxf6
gxf6 22. Qa2 Bb4 23. Rac1 Bc3 24. Nbd2 Qb4 25. Bd1 Bd3 26. Bb3 Bxd2 27. Nxd2
Bxf1 28. Rxf1 Rc5 29. Nf3 Rac8 30. g3 Rc1 31. Rxc1 Rxc1+ 32. Kg2 Nc4 33. Nd4
Qe1 34. Kh3 Qf1+ 35. Kh4 Qg2 36. Bxc4 dxc4 37. Nf5 Qxh2+ 38. Kg4 Rf1 39. Nh4
Qxf2 40. Qxc4 h5+ 41. Kxh5 Qxg3 42. Qc8+ Kh7 0-1